| 000 | 00589nam a2200205Ia 4500 | ||
|---|---|---|---|
| 003 | GCL | ||
| 008 | 140319s9999 xx 000 0 eng d | ||
| 040 |
_aGCL / _cGCL |
||
| 082 | 0 | 4 |
_a915.4 _bM I |
| 100 | 1 | _aMATHUR, ASHARANI | |
| 245 | 1 | 0 |
_aINDIA : _bSPECIALLY PUBLISHED FOR THE FESTIVAL OF INDIA / _cMATHUR, ASHARANI |
| 700 | 1 | _aSINGH, SONYA | |
| 700 | 1 | _aGAJWANI, GOPI | |
| 260 |
_aالهند : _bBRIDGE PUBLICATIONS ، _c1987 |
||
| 300 |
_a191 P _bCOL.ILL. ؛ _c28 cm. |
||
| 650 | 0 | 4 | _aINDIA |
| 650 | 0 | 4 | _aGUIDE BOOKS |
| 650 | 0 | 4 | _aINDIA - DESCRIPTION AND TRAVELS |
| 942 |
_2ddc _cBK |
||
| 999 |
_c4542 _d4542 |
||